[Event "Quezon City U1800 op"]
[Site "Quezon City"]
[Date "2025.05.04"]
[Round "7"]
[White "Landicho, Israel"]
[Black "Tanglao, Fernando Jr"]
[Result "1-0"]
[WhiteElo "1690"]
[BlackElo "1671"]
[PlyCount "139"]
[EventDate "2025.05.03"]
[EventType "swiss"]
[EventRounds "7"]
[EventCountry "PHI"]
[SourceTitle "CB19_2025"]
[SourceDate "2025.05.07"]
[SourceVersion "1"]
[SourceVersionDate "2025.05.07"]
[SourceQuality "1"]

1. d4 Nf6 2. Nf3 e6 3. Bf4 d5 4. c3 Bd6 5. Bg3 0-0 6. e3 c5 7. Bd3 Nc6 8. Ne5 Bxe5 9. dxe5 Nd7 10. f4 f5 11. exf6 Nxf6 12. 0-0 Qe8 13. Bb5 a6 14. Bxc6 bxc6 15. Nd2 a5 16. c4 Ba6 17. b3 d4 18. e4 Qh5 19. e5 Qxd1 20. Raxd1 Ng4 21. Rfe1 Ne3 22. Rc1 a4 23. Ne4 axb3 24. axb3 Rfb8 25. Nxc5 Bc8 26. Ra1 Nc2 27. Rxa8 Rxa8 28. Rc1 Ra2 29. Bf2 Kf7 30. Rd1 Ra5 31. Ne4 Ke7 32. Bxd4 Nxd4 33. Rxd4 c5 34. Rd2 Bb7 35. Nd6 Bc6 36. Kf2 Ra1 37. Rb2 Rc1 38. g3 Rh1 39. Ke3 Re1+ 40. Kd3 Rf1 41. Rd2 g6 42. Kc3 Rb1 43. Re2 h6 44. Ra2 Rh1 45. Ra7+ Kd8 46. b4 cxb4+ 47. Kxb4 Rxh2 48. Kc5 Bf3 49. Ra3 Bh1 50. Rd3 Ke7 51. Nc8+ Ke8 52. Kd6 Kf7 53. Kd7 Rc2 54. Nd6+ Kg7 55. Kxe6 Bg2 56. g4 Ra2 57. f5 Ra6 58. Rb3 Ra8 59. f6+ Kg8 60. Kd7 Ra7+ 61. Kc8 Ra6 62. Kc7 Rc6+ 63. Kd7 Ra6 64. Rb8+ Kh7 65. f7 Ra7+ 66. Ke6 Rxf7 67. Kxf7 Bh3 68. Kf6 Bxg4 69. Nf7 Bc8 70. Rxc8 1-0

[Event "Quezon City U1800 op"]
[Site "Quezon City"]
[Date "2025.05.04"]
[Round "5"]
[White "Tanglao, Fernando Jr"]
[Black "Sadey, Chessica Fiona"]
[Result "1-0"]
[WhiteElo "1671"]
[BlackElo "1723"]
[PlyCount "95"]
[EventDate "2025.05.03"]
[EventType "swiss"]
[EventRounds "7"]
[EventCountry "PHI"]
[SourceTitle "CB19_2025"]
[SourceDate "2025.05.07"]
[SourceVersion "1"]
[SourceVersionDate "2025.05.07"]
[SourceQuality "1"]

1. d4 c5 2. c3 Nf6 3. Nf3 g6 4. Bg5 Bg7 5. Nbd2 cxd4 6. cxd4 Nc6 7. e3 0-0 8. Be2 d5 9. 0-0 h6 10. Bh4 Bf5 11. a3 Qb6 12. b4 g5 13. Bg3 Ne4 14. Nxe4 Bxe4 15. Nd2 Bg6 16. Nb3 Qd8 17. Rc1 Rc8 18. b5 Nb8 19. a4 b6 20. Qd2 Qd7 21. Bxb8 Rxb8 22. Rc6 Rbc8 23. Rfc1 Bf5 24. a5 Qb7 25. a6 Qb8 26. Qb4 Bf6 27. Bf3 Rfd8 28. g3 Bd7 29. R6c3 e6 30. Kg2 Rxc3 31. Rxc3 Rc8 32. Be2 Rxc3 33. Qxc3 Be7 34. Nc1 Qd6 35. Bd3 f6 36. f4 Kg7 37. Ne2 Bf8 38. Qb2 Kf7 39. Qc2 e5 40. fxe5 fxe5 41. dxe5 Qxe5 42. Bg6+ Ke7 43. Qb3 Qe6 44. Bb1 Bg7 45. Nc3 d4 46. Nd5+ Kd6 47. Qb4+ Ke5 48. Qxd4+ 1-0